[Event "1st FIDE OWCCCC Pools-East 2021"]
[Site "Online"]
[Date "2021.02.20"]
[Round "5.65"]
[White "Jani, Janak"]
[Black "Fromentin, Sebastien"]
[Result "0-1"]
[WhiteElo "1527"]
[BlackElo "1949"]
[Annotator "NA"]
[PlyCount "74"]
[EventDate "2021.02.19"]
[EventType "team-tourn"]
[EventCountry "NET"]
[SourceTitle "playchess.com"]
[Source "ChessBase"]
[SourceQuality "1"]

1. e4 c5 2. Nf3 Nc6 3. d4 cxd4 4. Nxd4 e5 5. Nxc6 bxc6 6. Nc3 Nf6 7. a3 Bb7 8. Bd3 d5 9. exd5 Nxd5 10. Ne4 Be7 11. O-O O-O 12. c4 Nf6 13. Qc2 Nxe4 14. Bxe4 g6 15. Bh6 Re8 16. Rad1 Qb6 17. Qc3 Bc5 18. Rd7 Rad8 19. Rxd8 Qxd8 20. Qf3 Qc7 21. Qf6 Bf8 22. Bxf8 Rxf8 23. Rd1 Re8 24. Rd6 c5 25. Bxb7 Qxb7 26. Rd8 Rxd8 27. Qxd8+ Kg7 28. Qd2 Qe4 29. Qc1 a5 30. g3 h5 31. Qc3 a4 32. b4 axb3 33. Qxb3 Qe1+ 34. Kg2 Qe4+ 35. f3 Qe2+ 36. Kh3 g5 37. a4 Qf1# 0-1

[Event "1st FIDE OWCCCC Pools-East 2021"]
[Site "Online"]
[Date "2021.02.20"]
[Round "5.65"]
[White "Kothandaraman, Rajesh Kumar"]
[Black "Girya, Olga"]
[Result "0-1"]
[WhiteElo "1337"]
[BlackElo "2432"]
[Annotator "TA"]
[PlyCount "46"]
[EventDate "2021.02.19"]
[EventType "team-tourn"]
[EventCountry "NET"]
[SourceTitle "playchess.com"]
[Source "ChessBase"]
[SourceQuality "1"]

1. d4 d5 2. c4 c6 3. e3 Nf6 4. Nf3 Bf5 5. Nc3 e6 6. g3 Nbd7 7. cxd5 exd5 8. Bg2 Bd6 9. a3 a5 10. Bd2 O-O 11. Nh4 Bd3 12. Ne2 Re8 13. b4 axb4 14. Bxb4 Bxb4+ 15. axb4 Rxa1 16. Qxa1 Qb6 17. Qb2 Ra8 18. Nf4 Bc4 19. Bf3 Ra4 20. Be2 Rxb4 21. Qd2 Rb1+ 22. Bd1 Ne4 23. Qc2 Qb4+ 0-1

[Event "1st FIDE OWCCCC Pools-East 2021"]
[Site "Online"]
[Date "2021.02.20"]
[Round "5.65"]
[White "De Aragao, Marco Aurelio S Sale"]
[Black "Baranov, Oleksii"]
[Result "0-1"]
[WhiteElo "1051"]
[BlackElo "1808"]
[Annotator "NA"]
[PlyCount "52"]
[EventDate "2021.02.19"]
[EventType "team-tourn"]
[EventCountry "NET"]
[SourceTitle "playchess.com"]
[Source "ChessBase"]
[SourceQuality "1"]

1. e4 d6 2. d4 Nf6 3. Nc3 c6 4. h3 Nbd7 5. Nf3 g6 6. Bg5 Bg7 7. e5 Nd5 8. Nxd5 cxd5 9. Bb5 Qa5+ 10. Bd2 Qxb5 11. b3 dxe5 12. dxe5 Nxe5 13. Rb1 Nxf3+ 14. Qxf3 Bf5 15. a4 Qc6 16. O-O Qxc2 17. Qxd5 Be4 18. Qb5+ Bc6 19. Qg5 h6 20. Qe3 O-O 21. Rbd1 Rad8 22. Bb4 Rxd1 23. Qxe7 Re8 24. Qc5 Rxf1+ 25. Kxf1 Qd1+ 26. Be1 Rxe1# 0-1

[Event "1st FIDE OWCCCC Pools-East 2021"]
[Site "Online"]
[Date "2021.02.20"]
[Round "5.65"]
[White "Bialon, Pawel"]
[Black "Shahriari, Navid"]
[Result "1/2-1/2"]
[WhiteElo "882"]
[BlackElo "694"]
[Annotator "NA RC"]
[PlyCount "163"]
[EventDate "2021.02.19"]
[EventType "team-tourn"]
[EventCountry "NET"]
[SourceTitle "playchess.com"]
[Source "ChessBase"]
[SourceQuality "1"]

1. e4 e5 2. Nf3 Nf6 3. d4 d5 4. dxe5 dxe4 5. Nfd2 Ng4 6. Nxe4 f6 7. Qxd8+ Kxd8 8. f4 Bf5 9. Nf2 Bc5 10. Nxg4 Bxg4 11. h3 Bf5 12. g4 Be4 13. Rh2 Bb4+ 14. c3 Ba5 15. b4 Bb6 16. Nd2 c5 17. Nxe4 cxb4 18. cxb4 Nc6 19. a3 a5 20. b5 Bd4 21. Raa2 h5 22. bxc6 bxc6 23. g5 fxg5 24. fxg5 Rf8 25. Bg2 Rf5 26. Rd2 c5 27. Bb2 Kc7 28. Bxd4 cxd4 29. Rxd4 Rxe5 30. Rd6 Rb8 31. Rd1 Rb3 32. Ra1 a4 33. Bf3 g6 34. Bd1 Re3+ 35. Re2 R3xe4 36. Re3 Rxe3+ 37. Kd2 Rxh3 38. Rc1+ Kd6 39. Bxa4 Rxa3 40. Rc6+ Kd5 41. Rc3 Rxa4 42. Rd3+ Kc5 43. Rc3+ Kb4 44. Kd3 Rxg5 45. Rc4+ Ka3 46. Rc3+ Ka2 47. Rc2+ Kb1 48. Kc3 Rg3+ 49. Kd2 Raa3 50. Rc1+ Kb2 51. Rc2+ Kb3 52. Kc1 Kb4 53. Rb2+ Kc4 54. Rc2+ Kd4 55. Rd2+ Ke4 56. Kd1 Ra1+ 57. Kc2 Ke3 58. Rd3+ Ke4 59. Rxg3 Kf4 60. Rxg6 Kf5 61. Rg2 Ra2+ 62. Kd3 Ra3+ 63. Ke2 Ra2+ 64. Kf3 Ra3+ 65. Kf2 Ra2+ 66. Kf3 Ra3+ 67. Kf2 Ra2+ 68. Kg3 Ra3+ 69. Kh2 Kf4 70. Kg1 Ra1+ 71. Kh2 Kf3 72. Rg3+ Ke4 73. Rh3 Ra2+ 74. Kg3 Ra3+ 75. Kg2 Ra2+ 76. Kg3 Kf5 77. Rxh5+ Ke4 78. Rh2 Ra3+ 79. Kh4 Rf3 80. Rg2 Rf4+ 81. Rg4 Rxg4+ 82. Kxg4 1/2-1/2

[Event "1st FIDE OWCCCC Pools-East 2021"]
[Site "Online"]
[Date "2021.02.20"]
[Round "5.66"]
[White "Zihlin, Oleh"]
[Black "Bussi, Maurizio"]
[Result "0-1"]
[WhiteElo "1638"]
[BlackElo "1257"]
[Annotator "NA"]
[PlyCount "42"]
[EventDate "2021.02.19"]
[EventType "team-tourn"]
[EventCountry "NET"]
[SourceTitle "playchess.com"]
[Source "ChessBase"]
[SourceQuality "1"]

1. e4 e5 2. f4 Nc6 3. Nf3 d6 4. Bc4 Be7 5. fxe5 Bg4 6. d4 dxe5 7. d5 Nd4 8. h3 Nxf3+ 9. gxf3 Bh4+ 10. Kf1 Bh5 11. Nc3 Qf6 12. Be2 Ne7 13. Bb5+ c6 14. dxc6 bxc6 15. Be2 O-O 16. Qd3 Rad8 17. Qe3 Ng6 18. Rh2 Nf4 19. b3 Qg6 20. Bd2 Qg3 21. Rh1 Qg2# 0-1

[Event "1st FIDE OWCCCC Pools-East 2021"]
[Site "Online"]
[Date "2021.02.20"]
[Round "5.66"]
[White "Stojadinov, Milana"]
[Black "Koskinen, Timo"]
[Result "1/2-1/2"]
[WhiteElo "1094"]
[BlackElo "1550"]
[Annotator "NA RC"]
[PlyCount "53"]
[EventDate "2021.02.19"]
[EventType "team-tourn"]
[EventCountry "NET"]
[SourceTitle "playchess.com"]
[Source "ChessBase"]
[SourceQuality "1"]

1. e4 e5 2. Bc4 Nc6 3. c3 d6 4. d4 Nf6 5. Nf3 Bg4 6. O-O Be7 7. d5 Nb8 8. Nbd2 O-O 9. h3 Bh5 10. Re1 Nbd7 11. b4 a6 12. Be2 b5 13. Nh4 Bg6 14. Bf3 Ne8 15. Nf5 Bxf5 16. exf5 Nef6 17. Ne4 Nb6 18. Be3 Rc8 19. Ng3 Nc4 20. Nf1 Qd7 21. Qc2 h6 22. Nd2 Nxd2 23. Bxd2 Nh7 24. Bg4 Nf6 25. Bf3 Nh7 26. Be4 Nf6 27. Bf3 1/2-1/2

[Event "1st FIDE OWCCCC Pools-East 2021"]
[Site "Online"]
[Date "2021.02.20"]
[Round "5.66"]
[White "Fedjajevs, Andrejs"]
[Black "Rosicki, Lukasz"]
[Result "0-1"]
[WhiteElo "849"]
[BlackElo "1542"]
[Annotator "NA"]
[PlyCount "76"]
[EventDate "2021.02.19"]
[EventType "team-tourn"]
[EventCountry "NET"]
[SourceTitle "playchess.com"]
[Source "ChessBase"]
[SourceQuality "1"]

1. e4 e5 2. Nf3 Nf6 3. Nc3 Nc6 4. Bc4 Bc5 5. O-O O-O 6. d3 h6 7. a3 d6 8. b4 Bb6 9. Nd5 Be6 10. Nxf6+ Qxf6 11. Bb5 Nd4 12. Nxd4 Bxd4 13. Rb1 c6 14. Ba4 Ba2 15. Be3 Bxb1 16. Qxb1 Bxe3 17. fxe3 Qg5 18. Rf3 f5 19. Qf1 d5 20. exf5 Rf6 21. e4 Raf8 22. h3 dxe4 23. Bb3+ Kh8 24. dxe4 Qd2 25. Qf2 Qxf2+ 26. Kxf2 Rd8 27. g4 Kh7 28. c4 Rfd6 29. Kg3 Rd3 30. Bc2 Rxf3+ 31. Kxf3 g6 32. Kg3 Rd2 33. Bb1 Rb2 34. b5 Rxb1 35. bxc6 bxc6 36. Kh4 g5+ 37. Kh5 Rh1 38. f6 Rxh3# 0-1

[Event "1st FIDE OWCCCC Pools-East 2021"]
[Site "Online"]
[Date "2021.02.20"]
[Round "5.66"]
[White "Capo, Stellie"]
[Black "Borkar, Gautam"]
[Result "0-1"]
[WhiteElo "574"]
[BlackElo "1101"]
[Annotator "NA"]
[PlyCount "88"]
[EventDate "2021.02.19"]
[EventType "team-tourn"]
[EventCountry "NET"]
[SourceTitle "playchess.com"]
[Source "ChessBase"]
[SourceQuality "1"]

1. e4 e5 2. Nf3 Nc6 3. Nc3 Nf6 4. Bc4 Bc5 5. d3 O-O 6. O-O d6 7. Bg5 h6 8. Be3 Bxe3 9. fxe3 Bg4 10. d4 Bxf3 11. Qxf3 exd4 12. exd4 Nxd4 13. Qf2 Nc6 14. Rae1 Ng4 15. Qg3 Nge5 16. Qf4 Nxc4 17. b3 N4e5 18. Re2 Nd4 19. Ref2 Ne6 20. Qe3 Ng4 21. Qe2 Nxf2 22. Qxf2 Ng5 23. a4 Qd7 24. Qf4 b6 25. e5 dxe5 26. Qxe5 Rfe8 27. Qg3 Ne4 28. Nxe4 Rxe4 29. Qf3 Rae8 30. Qf2 c5 31. c4 Qd4 32. Qxd4 cxd4 33. b4 Re1 34. h4 Rxf1+ 35. Kxf1 d3 36. c5 bxc5 37. bxc5 d2 38. Kf2 d1=Q 39. c6 Qd3 40. c7 Rc8 41. g3 Rxc7 42. g4 Rc2+ 43. Ke1 Qb3 44. Kd1 Qb1# 0-1

[Event "1st FIDE OWCCCC Pools-East 2021"]
[Site "Online"]
[Date "2021.02.20"]
[Round "5.66"]
[White "Milanov, Rustam"]
[Black "Mane, Sangram"]
[Result "0-1"]
[WhiteElo "438"]
[BlackElo "1391"]
[Annotator "NA RC"]
[PlyCount "46"]
[EventDate "2021.02.19"]
[EventType "team-tourn"]
[EventCountry "NET"]
[SourceTitle "playchess.com"]
[Source "ChessBase"]
[SourceQuality "1"]

1. Nf3 e6 2. e4 Nc6 3. Bb5 Nf6 4. Bxc6 bxc6 5. e5 Ng4 6. d4 d6 7. exd6 cxd6 8. Ng5 h5 9. h3 Nf6 10. Qf3 Bb7 11. g4 hxg4 12. hxg4 Rxh1+ 13. Qxh1 Qe7 14. Nc3 c5 15. dxc5 Bxh1 16. cxd6 Qxd6 17. Nb5 Qb6 18. a4 Nxg4 19. Be3 Nxe3 20. fxe3 Qxe3+ 21. Kf1 Rc8 22. Nh7 Qf3+ 23. Kg1 Qg2# 0-1

[Event "1st FIDE OWCCCC Pools-East 2021"]
[Site "Online"]
[Date "2021.02.20"]
[Round "5.67"]
[White "Adamczyk, Zuzanna"]
[Black "Hermeling, Evelien"]
[Result "1-0"]
[WhiteElo "1907"]
[BlackElo "748"]
[Annotator "NA"]
[PlyCount "47"]
[EventDate "2021.02.19"]
[EventType "team-tourn"]
[EventCountry "NET"]
[SourceTitle "playchess.com"]
[Source "ChessBase"]
[SourceQuality "1"]

1. d4 d5 2. c4 Nf6 3. cxd5 Nxd5 4. e4 Nf6 5. Nc3 Nc6 6. Nf3 Bg4 7. d5 Nb4 8. Qa4+ Nc6 9. dxc6 bxc6 10. Qxc6+ Nd7 11. Ne5 Rb8 12. Nxg4 Rb6 13. Qa4 c6 14. Be2 Nc5 15. Qc2 g6 16. Be3 Rb5 17. Bxb5 cxb5 18. Bxc5 Bh6 19. Nxh6 Qc8 20. Bd4 Qc4 21. Bxh8 b4 22. Qa4+ Kf8 23. Qd7 Qe6 24. Qd8# 1-0

[Event "1st FIDE OWCCCC Pools-East 2021"]
[Site "Online"]
[Date "2021.02.20"]
[Round "5.67"]
[White "Garcia Ortega, Manuel"]
[Black "Mitrovic, Aleksandar"]
[Result "1-0"]
[WhiteElo "1719"]
[BlackElo "1730"]
[Annotator "NA"]
[PlyCount "93"]
[EventDate "2021.02.19"]
[EventType "team-tourn"]
[EventCountry "NET"]
[SourceTitle "playchess.com"]
[Source "ChessBase"]
[SourceQuality "1"]

1. e4 e5 2. Nf3 Nc6 3. Bc4 Nf6 4. d3 Bb4+ 5. c3 Ba5 6. b4 Nxb4 7. Bxf7+ Kxf7 8. Qb3+ Kf8 9. cxb4 Bb6 10. Nxe5 Qe7 11. Nf3 c5 12. bxc5 Qxc5 13. Be3 Qa5+ 14. Nbd2 d5 15. O-O dxe4 16. dxe4 Ke7 17. Bxb6 Qxb6 18. Rac1 Be6 19. Qxb6 axb6 20. Rc7+ Kd6 21. Rxb7 Rhb8 22. Rxb8 Rxb8 23. e5+ Ke7 24. exf6+ Kxf6 25. Nb3 Rd8 26. h3 Ra8 27. Ra1 h5 28. Rc1 Rxa2 29. Nbd4 Ra4 30. Nxe6 Kxe6 31. Rc6+ Kd5 32. Rxb6 Kc5 33. Rb7 Ra1+ 34. Kh2 Kc6 35. Rxg7 Kd5 36. Rg5+ Ke6 37. Rxh5 Kf6 38. g4 Kg6 39. Kg3 Ra4 40. Rb5 Ra2 41. h4 Kh6 42. h5 Re2 43. Rb6+ Kg7 44. g5 Re8 45. h6+ Kh7 46. Nh4 Rg8 47. f4 1-0

[Event "1st FIDE OWCCCC Pools-East 2021"]
[Site "Online"]
[Date "2021.02.20"]
[Round "5.67"]
[White "Ruhl, Andreas"]
[Black "Breant, Stephanie"]
[Result "1-0"]
[WhiteElo "1301"]
[BlackElo "705"]
[Annotator "NA"]
[PlyCount "43"]
[EventDate "2021.02.19"]
[EventType "team-tourn"]
[EventCountry "NET"]
[SourceTitle "playchess.com"]
[Source "ChessBase"]
[SourceQuality "1"]

1. d4 e6 2. c4 Qg5 3. Bxg5 d5 4. Nc3 dxc4 5. Qa4+ c6 6. Qxc4 Bd6 7. e3 e5 8. dxe5 Bxe5 9. Nf3 Bd6 10. Qd4 Kd7 11. Ne5+ Kc7 12. Bd8+ Kxd8 13. Qxd6+ Bd7 14. Nxf7+ Ke8 15. Nxh8 Na6 16. Rd1 Nf6 17. Bc4 Kd8 18. Nf7+ Ke8 19. Ne5 b5 20. Nxd7 Nxd7 21. Qxd7+ Kf8 22. Qf7# 1-0

[Event "1st FIDE OWCCCC Pools-East 2021"]
[Site "Online"]
[Date "2021.02.20"]
[Round "5.67"]
[White "Boschi, Anna"]
[Black "Harazha, Maksym"]
[Result "0-1"]
[WhiteElo "806"]
[BlackElo "1321"]
[Annotator "NA"]
[PlyCount "90"]
[EventDate "2021.02.19"]
[EventType "team-tourn"]
[EventCountry "NET"]
[SourceTitle "playchess.com"]
[Source "ChessBase"]
[SourceQuality "1"]

1. e4 e5 2. Nf3 Nc6 3. Nc3 a6 4. g3 Bc5 5. Bg2 d6 6. d3 Be6 7. b3 Nf6 8. h4 Ng4 9. a3 Nxf2 10. Qe2 Nxh1 11. Bxh1 Nd4 12. Nd2 Nxe2 13. Kxe2 O-O 14. Rb1 f5 15. Na4 Ba7 16. h5 fxe4 17. Bxe4 Bg4+ 18. Nf3 Bxf3+ 19. Ke1 Bxe4 20. dxe4 Qf6 21. Nc3 Qf2+ 22. Kd1 Qf1+ 23. Kd2 Rf2+ 24. Ne2 Qxe2+ 25. Kc3 Qxc2+ 26. Kb4 Qxb1 27. Be3 Qxe4+ 28. Kc3 Qxe3+ 29. Kc4 b5+ 30. Kd5 Qd4+ 31. Ke6 Rf6+ 32. Ke7 Rf7+ 33. Ke6 Qg4+ 34. Kd5 e4 35. Kc6 e3 36. h6 gxh6 37. Kb7 Qc8+ 38. Kc6 e2 39. a4 bxa4 40. b4 e1=Q 41. b5 Qc1+ 42. Kd5 Qc5+ 43. Ke4 Qe6+ 44. Kd3 Qed5+ 45. Ke2 Re8# 0-1

[Event "1st FIDE OWCCCC Pools-East 2021"]
[Site "Online"]
[Date "2021.02.20"]
[Round "5.67"]
[White "Jitri, Shirisha"]
[Black "Kuzmin, Mark"]
[Result "0-1"]
[WhiteElo "784"]
[BlackElo "962"]
[Annotator "NA RC"]
[PlyCount "88"]
[EventDate "2021.02.19"]
[EventType "team-tourn"]
[EventCountry "NET"]
[SourceTitle "playchess.com"]
[Source "ChessBase"]
[SourceQuality "1"]

1. e4 e5 2. Nf3 Nc6 3. Nc3 Nf6 4. Bc4 h6 5. O-O a6 6. d3 d6 7. Be3 Bg4 8. d4 exd4 9. Bxd4 Bxf3 10. Qxf3 Nxd4 11. Qd3 c5 12. e5 dxe5 13. Rae1 Bd6 14. a4 O-O 15. Qe3 Nxc2 16. Qe2 Nxe1 17. Qxe1 Qb6 18. a5 Qxb2 19. Qe3 Qa3 20. Qd3 Qxa5 21. h4 Rad8 22. g3 e4 23. Qe3 Bb8 24. f3 b5 25. Ne2 bxc4 26. Nc3 Rd3 27. Qe1 Rxc3 28. fxe4 Re8 29. e5 Nd5 30. h5 Rxe5 31. Qd2 Ne3 32. Rf2 Rd5 33. Qb2 Rd1+ 34. Kh2 Ng4+ 35. Kg2 Nxf2 36. Kxf2 Bxg3+ 37. Ke2 Re1+ 38. Kd2 Rb3+ 39. Kc2 Rxb2+ 40. Kxb2 Qb4+ 41. Kc2 Qb1+ 42. Kd2 Qd1+ 43. Kc3 Qd3+ 44. Kb2 Qb3# 0-1

[Event "1st FIDE OWCCCC Pools-East 2021"]
[Site "Online"]
[Date "2021.02.20"]
[Round "5.68"]
[White "Bors, Nandor"]
[Black "Lautenbach, Julia"]
[Result "1-0"]
[WhiteElo "1084"]
[BlackElo "1336"]
[Annotator "NA"]
[PlyCount "71"]
[EventDate "2021.02.19"]
[EventType "team-tourn"]
[EventCountry "NET"]
[SourceTitle "playchess.com"]
[Source "ChessBase"]
[SourceQuality "1"]

1. e4 e5 2. d4 exd4 3. Qxd4 Nc6 4. Qd5 Nf6 5. Qd3 Bc5 6. Nf3 Ng4 7. Be3 Bxe3 8. fxe3 d6 9. Nc3 Qf6 10. O-O-O Be6 11. h3 Nf2 12. Qe2 Nxh1 13. g4 Ng3 14. Qg2 Nxf1 15. Qxf1 O-O-O 16. g5 Qe7 17. h4 Bg4 18. Rd2 Bh5 19. Nd5 Qe6 20. Nc3 Qg4 21. Nd4 Ne5 22. Ncb5 a6 23. Nc3 Qxh4 24. Nf5 Qxg5 25. Nd4 Qxe3 26. Nd5 Qxe4 27. Ne7+ Kb8 28. Nb3 Nc4 29. Rd4 Qe3+ 30. Kb1 Qxe7 31. Qxc4 Rhe8 32. a4 Qe1+ 33. Ka2 Bf3 34. Qxf7 c6 35. Rb4 Bd5 36. Qxb7# 1-0

[Event "1st FIDE OWCCCC Pools-East 2021"]
[Site "Online"]
[Date "2021.02.20"]
[Round "5.68"]
[White "Shumilova, Valerija"]
[Black "Combina, Alberto"]
[Result "0-1"]
[WhiteElo "683"]
[BlackElo "1635"]
[Annotator "NA"]
[PlyCount "58"]
[EventDate "2021.02.19"]
[EventType "team-tourn"]
[EventCountry "NET"]
[SourceTitle "playchess.com"]
[Source "ChessBase"]
[SourceQuality "1"]

1. e4 c5 2. Bc4 g6 3. d3 Bg7 4. c3 Nc6 5. d4 cxd4 6. Qf3 Ne5 7. Qe2 Nxc4 8. Qxc4 dxc3 9. bxc3 d6 10. Nf3 Nf6 11. Ng5 O-O 12. Nd2 Bd7 13. O-O Rc8 14. Qb3 Qa5 15. Ndf3 Qxc3 16. Qb1 Nh5 17. Bd2 Qxa1 18. Qxa1 Bxa1 19. Rxa1 Rc2 20. Rd1 h6 21. Nh3 Bxh3 22. gxh3 Kh7 23. Nd4 Rxa2 24. Bc3 Rc8 25. Nb5 a6 26. Nd4 Rxc3 27. Re1 Nf4 28. e5 dxe5 29. Rxe5 Rc1+ 0-1

[Event "1st FIDE OWCCCC Pools-East 2021"]
[Site "Online"]
[Date "2021.02.20"]
[Round "5.68"]
[White "Meroni, Alessio"]
[Black "Hudziec, Patryk"]
[Result "1-0"]
[WhiteElo "661"]
[BlackElo "719"]
[Annotator "NA"]
[PlyCount "41"]
[EventDate "2021.02.19"]
[EventType "team-tourn"]
[EventCountry "NET"]
[SourceTitle "playchess.com"]
[Source "ChessBase"]
[SourceQuality "1"]

1. d4 Nc6 2. Nf3 b6 3. e4 Bb7 4. Nc3 Nf6 5. e5 Ng4 6. Bc4 g6 7. Ng5 Bh6 8. Nxf7 Qc8 9. Nxh8 Bxc1 10. Qxg4 Nxd4 11. Bf7+ Kf8 12. Qxd4 Bxb2 13. Rd1 Bxc3+ 14. Qxc3 Bxg2 15. Rg1 Bd5 16. Rxd5 c5 17. Rd1 d6 18. Qf3 dxe5 19. Bd5+ Ke8 20. Bxa8 Qa6 21. Bc6# 1-0

[Event "1st FIDE OWCCCC Pools-East 2021"]
[Site "Online"]
[Date "2021.02.20"]
[Round "5.68"]
[White "Zimina, Angelina"]
[Black "Anmoldhandhania"]
[Result "0-1"]
[WhiteElo "202"]
[BlackElo "1148"]
[Annotator "NA RC"]
[PlyCount "54"]
[EventDate "2021.02.19"]
[EventType "team-tourn"]
[EventCountry "NET"]
[SourceTitle "playchess.com"]
[Source "ChessBase"]
[SourceQuality "1"]

1. e4 e5 2. Nf3 Nc6 3. Nc3 Nf6 4. d4 exd4 5. Ne2 d5 6. b3 Bb4+ 7. Bd2 Be6 8. a3 Bd6 9. h4 O-O 10. c4 Nxe4 11. cxd5 Bxd5 12. Bg5 f6 13. Bc1 Re8 14. g4 Nc3 15. Qd3 Be4 16. Nxc3 dxc3 17. Bg2 Bxd3+ 18. Kd1 c2+ 19. Kd2 Re2+ 20. Kxd3 Rxf2 21. Rh2 Ne5+ 22. Ke3 Bc5+ 23. Ke4 Qd3+ 24. Kf4 Be3+ 25. Kg3 Rxf3+ 26. Bxf3 Bg1 27. Rh1 Qxf3# 0-1

[Event "1st FIDE OWCCCC Pools-East 2021"]
[Site "Online"]
[Date "2021.02.20"]
[Round "5.69"]
[White "Laczo, Tibor"]
[Black "Zaa, Jose"]
[Result "1-0"]
[WhiteElo "1550"]
[BlackElo "756"]
[Annotator "NA RC"]
[PlyCount "89"]
[EventDate "2021.02.19"]
[EventType "team-tourn"]
[EventCountry "NET"]
[SourceTitle "playchess.com"]
[Source "ChessBase"]
[SourceQuality "1"]

1. e4 e5 2. Nf3 Nc6 3. Bc4 d6 4. c3 Nf6 5. d3 Be6 6. Bxe6 fxe6 7. Qb3 Qd7 8. Qxb7 Rd8 9. Qb3 d5 10. exd5 exd5 11. O-O Be7 12. Re1 e4 13. dxe4 dxe4 14. Ng5 Nd5 15. Be3 Bxg5 16. Bxg5 h6 17. Bxd8 Qxd8 18. Rxe4+ Nce7 19. Na3 Rf8 20. Rae1 c6 21. Nc4 Rf4 22. Qc2 Kf8 23. Rxf4+ Nxf4 24. Qe4 Nd3 25. Rd1 Qd5 26. Qxd3 Qh5 27. Re1 Nd5 28. Qf3+ Qxf3 29. gxf3 Nf4 30. Ne5 g5 31. Nxc6 Kf7 32. Nxa7 g4 33. fxg4 Kf6 34. f3 Kg5 35. b4 Nd3 36. Rb1 Kh4 37. b5 h5 38. b6 Nf2 39. Kxf2 Kh3 40. b7 h4 41. Ke3 Kg2 42. Rb2+ Kg1 43. b8=Q h3 44. Qg3+ Kf1 45. Qf2# 1-0

[Event "1st FIDE OWCCCC Pools-East 2021"]
[Site "Online"]
[Date "2021.02.20"]
[Round "5.69"]
[White "Turcatti, Mauro"]
[Black "Tirelli, Cristian"]
[Result "0-1"]
[WhiteElo "1324"]
[BlackElo "1514"]
[Annotator "NA"]
[PlyCount "170"]
[EventDate "2021.02.19"]
[EventType "team-tourn"]
[EventCountry "NET"]
[SourceTitle "playchess.com"]
[Source "ChessBase"]
[SourceQuality "1"]

1. e4 c5 2. c3 d6 3. d4 cxd4 4. cxd4 e6 5. Nf3 Nf6 6. Bd3 Nc6 7. Nc3 a6 8. O-O Be7 9. Qe2 O-O 10. e5 dxe5 11. dxe5 Nd5 12. Rd1 f6 13. Nxd5 exd5 14. exf6 Bxf6 15. Qc2 Bg4 16. Bxh7+ Kh8 17. Bg6 Bxf3 18. gxf3 Ne5 19. Bh5 g6 20. Bg4 Nxg4 21. fxg4 Rg8 22. Qb3 Qd7 23. h3 Bh4 24. Be3 Rad8 25. Bd4+ Kh7 26. Rd3 Qf7 27. Rf3 Qe6 28. Qxb7+ Rd7 29. Qb3 Qe4 30. Rd1 Qe2 31. Qd3 Qe4 32. Qxe4 dxe4 33. Ra3 Rgd8 34. Rxa6 Rxd4 35. Re1 Rd1 36. Kf1 e3 37. Ra7+ Kh6 38. Rf7 e2+ 39. Kxe2 R8d2+ 40. Kf1 Rxe1+ 41. Kxe1 Rxb2 42. a4 Ra2 43. Rf4 Kg5 44. Rf3 Rxa4 45. Kf1 Ra1+ 46. Kg2 Rd1 47. Rf8 Rd2 48. Rf7 Rd3 49. Rf8 Kh6 50. Rf7 Rc3 51. Rf8 Kg7 52. Rf4 g5 53. Rf5 Kg6 54. Rf8 Rc7 55. Rf5 Rf7 56. Rxf7 Kxf7 57. Kf3 Ke6 58. Ke4 Bxf2 59. Kf3 Bh4 60. Ke4 Kd6 61. Kf5 Kd5 62. Kg6 Ke4 63. Kh5 Kf3 64. Kg6 Kg3 65. Kf6 Kxh3 66. Kf5 Kg3 67. Ke4 Kxg4 68. Ke3 Kg3 69. Ke4 Kf2 70. Kf5 Kf3 71. Kg6 g4 72. Kh5 g3 73. Kxh4 g2 74. Kg5 g1=Q+ 75. Kf5 Qb1+ 76. Ke5 Qb4 77. Kd5 Kf4 78. Kc6 Qa5 79. Kd6 Kf5 80. Kc6 Ke6 81. Kb7 Kd7 82. Kb8 Qc7+ 83. Ka8 Qa5+ 84. Kb8 Kc6 85. Kc8 Qc7# 0-1

[Event "1st FIDE OWCCCC Pools-East 2021"]
[Site "Online"]
[Date "2021.02.20"]
[Round "5.69"]
[White "Yadav, Brajesh"]
[Black "Popov, Dmitry B."]
[Result "1-0"]
[WhiteElo "1223"]
[BlackElo "2049"]
[Annotator "TA"]
[PlyCount "107"]
[EventDate "2021.02.19"]
[EventType "team-tourn"]
[EventCountry "NET"]
[SourceTitle "playchess.com"]
[Source "ChessBase"]
[SourceQuality "1"]

1. d4 Nf6 2. c4 e6 3. Nc3 c5 4. Nf3 Nc6 5. d5 Nb4 6. a3 Na6 7. Bg5 Be7 8. e3 O-O 9. Be2 exd5 10. cxd5 d6 11. O-O Nc7 12. e4 h6 13. Bh4 Nh7 14. Re1 Bxh4 15. g3 Bf6 16. Bd3 Ng5 17. Nxg5 Bxg5 18. f4 Be7 19. f5 Bg5 20. h4 Bf6 21. Qh5 Bxc3 22. bxc3 Ne8 23. e5 dxe5 24. Rxe5 Nf6 25. Qf3 Qb6 26. c4 Qc7 27. Rae1 Bd7 28. Bf1 Rae8 29. Qf4 Qa5 30. g4 Rxe5 31. Rxe5 Re8 32. g5 Rxe5 33. Qxe5 Ne8 34. gxh6 gxh6 35. Qg3+ Kf8 36. Qe3 Bxf5 37. Qxh6+ Ke7 38. Qg5+ f6 39. Qxf5 Qc7 40. Qe6+ Kd8 41. Qe3 Qg7+ 42. Bg2 Qg4 43. Qh3 Qxh3 44. Bxh3 Ke7 45. h5 Ng7 46. h6 Nh5 47. h7 Nf4 48. h8=Q Nxh3+ 49. Qxh3 Kd6 50. Qe6+ Kc7 51. Qxf6 b5 52. Qc6+ Kd8 53. Qxb5 a6 54. Qxa6 1-0

[Event "1st FIDE OWCCCC Pools-East 2021"]
[Site "Online"]
[Date "2021.02.20"]
[Round "5.69"]
[White "Gupta, Shobhit"]
[Black "Gayet, Ludovic"]
[Result "0-1"]
[WhiteElo "1016"]
[BlackElo "1478"]
[Annotator "NA RC"]
[PlyCount "50"]
[EventDate "2021.02.19"]
[EventType "team-tourn"]
[EventCountry "NET"]
[SourceTitle "playchess.com"]
[Source "ChessBase"]
[SourceQuality "1"]

1. e4 e6 2. Nc3 d5 3. d4 c5 4. a3 cxd4 5. Qxd4 Nc6 6. Qe3 d4 7. Qg3 dxc3 8. bxc3 Nge7 9. Bb5 Ng6 10. Bxc6+ bxc6 11. Nf3 Ba6 12. Nd4 Bd6 13. Qf3 O-O 14. Nxc6 Qc7 15. Nb4 Ne5 16. Qh5 Qxc3+ 17. Kd1 Rfd8 18. Nxa6 Qxa1 19. Ke2 Qc3 20. Nb4 Bxb4 21. axb4 Qxc2+ 22. Ke3 Rd3+ 23. Kf4 Ng6+ 24. Kg4 Qe2+ 25. Kg5 f6# 0-1

[Event "1st FIDE OWCCCC Pools-East 2021"]
[Site "Online"]
[Date "2021.02.20"]
[Round "5.70"]
[White "McShane, Michael"]
[Black "Lagoo, Raavi"]
[Result "1-0"]
[WhiteElo "1620"]
[BlackElo "368"]
[Annotator "NA RC"]
[PlyCount "57"]
[EventDate "2021.02.19"]
[EventType "team-tourn"]
[EventCountry "NET"]
[SourceTitle "playchess.com"]
[Source "ChessBase"]
[SourceQuality "1"]

1. e4 b6 2. d4 g5 3. Bxg5 b5 4. Bxb5 h5 5. Bc4 Rh7 6. Nf3 Bb7 7. Nc3 Bxe4 8. Nxe4 Nc6 9. d5 Nb4 10. a3 Nc6 11. d6 Nb8 12. Ne5 cxd6 13. Nxf7 Rxf7 14. Qxh5 Qa5+ 15. b4 Qe5 16. Qxf7+ Kd8 17. Qxf8+ Kc7 18. O-O Qxe4 19. Qxg8 Qxc4 20. Qxc4+ Kb6 21. a4 Na6 22. a5+ Kb7 23. Qb5+ Kc8 24. Qxa6+ Kd8 25. Rfe1 Rb8 26. Bxe7+ Ke8 27. Bxd6+ Kd8 28. Qxa7 Rxb4 29. Qc7# 1-0

[Event "1st FIDE OWCCCC Pools-East 2021"]
[Site "Online"]
[Date "2021.02.20"]
[Round "5.70"]
[White "Califano, Tommaso"]
[Black "Bielec, John Matthew"]
[Result "0-1"]
[WhiteElo "1430"]
[BlackElo "1622"]
[Annotator "NA RC"]
[PlyCount "40"]
[EventDate "2021.02.19"]
[EventType "team-tourn"]
[EventCountry "NET"]
[SourceTitle "playchess.com"]
[Source "ChessBase"]
[SourceQuality "1"]

1. e4 c5 2. Nf3 e6 3. Nc3 a6 4. d4 cxd4 5. Nxd4 Qc7 6. Be3 Nf6 7. f3 b5 8. a3 Bb7 9. Qe2 Be7 10. g4 h6 11. h4 d5 12. exd5 Nxd5 13. Nxd5 Bxd5 14. Bg2 Nd7 15. f4 Nb6 16. Nxb5 axb5 17. Qxb5+ Nd7 18. Bxd5 exd5 19. Qxd5 Qa5+ 20. Ke2 Qxd5 0-1